The elements of land surveying, designed principally for the use of schools & students (Record no. 114509)

MARC details
000 -LEADER
fixed length control field 00643cam a22001935a 4500
001 - CONTROL NUMBER
control field L156948
008 - FIXED-LENGTH DATA ELEMENTS--GENERAL INFORMATION
fixed length control field 120731s1809 xxk f 000 0 eng d
035 ## - SYSTEM CONTROL NUMBER
System control number (Sirsi) u156948
041 0# - LANGUAGE CODE
Language code of text/sound track or separate title eng
100 1# - MAIN ENTRY--PERSONAL NAME
Personal name Crocker, Abraham
245 04 - TITLE STATEMENT
Title The elements of land surveying, designed principally for the use of schools & students
260 ## - PUBLICATION, DISTRIBUTION, ETC.
Place of publication, distribution, etc. London
Name of publisher, distributor, etc. Richard Phillips
Date of publication, distribution, etc. 1806 [1809]
300 ## - PHYSICAL DESCRIPTION
Extent xii, 312, 12 p.
Other physical details plates
Dimensions 18 cm.
520 ## - SUMMARY, ETC.
Summary, etc. Author's dedicatory epistle dated January 1809.
583 ## - ACTION NOTE
Action Condition reviewed
Time/date of action 20120620
Status condition level 2 and 4
651 #4 - SUBJECT ADDED ENTRY--GEOGRAPHIC NAME
Geographic name Great Britain
Chronological subdivision 1707-
690 ## - LOCAL SUBJECT ADDED ENTRY--TOPICAL TERM (OCLC, RLIN)
Topical term or geographic name as entry element Measurement
9 (RLIN) 6256
942 ## - ADDED ENTRY ELEMENTS (KOHA)
Suppress in OPAC 0
Holdings
Withdrawn status Lost status Source of classification or shelving scheme Damaged status Not for loan Home library Current library Shelving location Date acquired Total Checkouts Full call number Barcode Date last seen Copy number Price effective from Koha item type
    Dewey Decimal Classification     Historic collection Historic collection Historic collection 31/07/2012   OCTAVO 1809 CROCKER 30077083 06/08/2019 1 06/08/2019 Book
          Historic collection Historic collection Historic collection 31/07/2012   PRICE OCTAVO 1809 CROCKER 30077209 06/08/2019 2 06/08/2019 Book